Quizzes
Events
Quiz Creation
Community
Videos
Private Events
Remove Ads
Sign In
Join for FREE
Feedback
Dark Mode
Quiz Categories
Sports
Geography
Music
Movies
Television
Just For Fun
Miscellaneous
History
Literature
Language
Science
Gaming
Entertainment
Religion
Holiday
For Kids
Quiz Lab
Recent
Popular Today
Quiz Kudos Today
Editor Picks
Curator Picks
Quizzes by...
Day
Popularity
Type
Ratings
Length
Year
Community
Subscriptions
Recent Discussions
Orange Saloon
Badges
Playlists
Quests
Create
Leaderboards
Showdown
Live 5
Trivia Bingo
Activity
Puzzle Library
Sporcle Events
Private Events
Virtual Trivia
Globe League
Become a Host
Pub Owners
SporcleCon
Opinionation
Our Games
Videos
Blog
Mobile Apps
Partnerships
Remove Ads and Go Orange
Feedback
Sports
Athletes
MLB
NBA
NHL
NFL
Soccer
Sports Teams
WWE
NCAA
Football
Premier League
Basketball
Baseball
Hockey
Golf
Tennis
Cricket
Rugby
Auto Racing
Olympics
World Cup
Sports
Athletes
MLB
NBA
NHL
NFL
Soccer
Sports Teams
WWE
NCAA
Football
Premier League
Basketball
Baseball
Hockey
Golf
Tennis
Cricket
Rugby
Auto Racing
Olympics
World Cup
Random Quiz
Search Sporcle
×
Quiz Lab
Quiz Lab
Sports
Nation
Type in answers that appear in a list
Type in answers that appear in a list
Classic
Best Score? Go Orange.
FIFA World Cup 'France 98' Goalscorers Stats
Can you name the France 98 Goalscorers?
By
KevinMillar3
15m
112 Questions
1,925 Plays
1,925 Plays
1,925 Plays
Comments
Comments
Give Quiz Kudos
Give Quiz Kudos
-
- Ratings
hide this ad
Replay
Link that replays current quiz
Next Quiz
Link to next quiz in quiz playlist
You Got
0%
They Got
Avg Score
44%
Avg Friend Score
Upgrade to see
Score Distribution
Jump to the score distribution portion of the page
Score
0/112
Timer
15:00
1
Play Today
Goals
Player
% Correct
4 Goals
Ronaldo
97.8%
6 Goals
Davor Šuker
96.3%
5 Goals
Gabriel Batistuta
94.6%
2 Goals
Zinedine Zidane
93.4%
3 Goals
Thierry Henry
92.8%
3 Goals
Dennis Bergkamp
88.8%
2 Goals
Michael Owen
88.3%
3 Goals
Rivaldo
88.2%
2 Goals
Emmanuel Petit
86.8%
1 Goal
Laurent Blanc
85.8%
5 Goals
Christian Vieri
85.6%
2 Goals
Lilian Thuram
84.1%
4 Goals
Marcelo Salas
83.1%
3 Goals
Bebeto
81.8%
1 Goal
Ha Seok-Ju
80.6%
1 Goal
David Beckham
79.4%
2 Goals
Brian Laudrup
78.8%
1 Goal
Michael Laudrup
78.8%
3 Goals
Jürgen Klinsmann
78.8%
2 Goals
Alan Shearer
78.2%
1 Goal
Raúl
77.4%
2 Goals
Patrick Kluivert
77.2%
2 Goals
Roberto Baggio
76.2%
1 Goal
David Trezeguet
75.4%
3 Goals
Oliver Bierhoff
71.2%
4 Goals
Luis Hernández
70.1%
1 Goal
Christophe Dugarry
69.4%
1 Goal
Youri Djorkaeff
69.1%
2 Goals
Ronald de Boer
68.5%
1 Goal
Håvard Flo
66%
1 Goal
Tore André Flo
66%
1 Goal
Marc Overmars
64.5%
2 Goals
Ariel Ortega
63%
1 Goal
Bixente Lizarazu
61%
1 Goal
Paul Scholes
60.7%
1 Goal
Mustapha Hadji
60.6%
2 Goals
Fernando Morientes
60.4%
3 Goals
César Sampaio
57.6%
Goals
Player
% Correct
1 Goal
Edgar Davids
56.8%
1 Goal
Cuauhtémoc Blanco
56.5%
2 Goals
Marc Wilmots
54%
2 Goals
Fernando Hierro
53.6%
2 Goals
Robert Prosinečki
51.8%
2 Goals
Phillip Cocu
49.9%
1 Goal
Sunday Oliseh
45.5%
1 Goal
Benni McCarthy
44.5%
1 Goal
Predrag Mijatović
44.1%
1 Goal
Boudewijn Zenden
43.7%
1 Goal
Javier Zanetti
42.2%
1 Goal
Claudio López
41.9%
1 Goal
Darren Anderton
41.5%
1 Goal
Toni Polster
41%
2 Goals
Viorel Moldovan
40.6%
1 Goal
Dan Petrescu
40.4%
1 Goal
Ebbe Sand
39.9%
2 Own Goals
Pierre Issa
39%
1 Goal
Robert Jarni
37.9%
1 Goal
John Collins
37.8%
1 Goal
Luis Enrique
37.7%
1 Goal
Patrick Mboma
37.2%
1 Goal
Peter Møller
36.6%
1 Goal
Andreas Möller
36.3%
1 Goal
Adrian Ilie
34.7%
1 Goal
Luigi Di Biagio
33.9%
2 Goals
Kiko
33.8%
1 Goal
Luc Nilis
32.5%
1 Goal
Goran Vlaović
31.8%
1 Goal
Siniša Mihajlović
31.7%
1 Own Goal
Siniša Mihajlović
31.7%
1 Goal
Robbie Earle
30.5%
1 Goal
Celso Ayala
30.2%
1 Goal
Victor Ikpeba
28%
1 Goal
Tijjani Babangida
27.4%
1 Goal
Kjetil Rekdal
25.8%
1 Goal
Pierre van Hooijdonk
25.5%
1 Goal
Emil Kostadinov
25.4%
Goals
Player
% Correct
1 Goal
Brian McBride
25.4%
1 Own Goal
Tom Boyd
24.8%
1 Goal
Andreas Herzog
24.3%
1 Own Goal
Youssef Chippo
23.7%
1 Goal
Thomas Helveg
23.4%
1 Goal
Ivica Vastić
23.1%
2 Goals
Shaun Bartlett
22.7%
1 Goal
Sami Al-Jaber
22.6%
2 Goals
Salaheddine Bassir
22.4%
1 Goal
Craig Burley
22.3%
1 Goal
Martin Jørgensen
22.1%
1 Goal
Pierre Njanka
22%
1 Goal
Mario Stanić
21.5%
2 Goals
Theodore Whitmore
21.1%
1 Goal
Dragan Stojković
20.6%
1 Goal
Dan Eggen
20.4%
1 Goal
Mehdi Mahdavikia
20.3%
2 Goals
Abdeljalil Hadda
19.3%
1 Goal
José Cardozo
18.6%
1 Goal
José Luis Sierra
18.1%
1 Goal
Garba Lawal
16.8%
1 Goal
Allan Nielsen
16.3%
1 Goal
Alberto García Aspe
16.1%
1 Goal
Marc Rieper
15.5%
1 Goal
Mauricio Pineda
15.2%
2 Goals
Slobodan Komljenović
14%
1 Goal
Miguel Ángel Benítez
12.7%
1 Goal
Mutiu Adepoju
11.7%
2 Goals
Ricardo Peláez
10.7%
1 Goal
Wilson Oruma
10.4%
1 Goal
Léider Preciado
9.9%
1 Goal
Masashi Nakayama
9.7%
1 Goal
Hamid Estili
9.3%
1 Goal
Yoo Sang-Chul
6.6%
1 Goal
Skander Souayah
4.4%
1 Goal
Yousuf Al-Thunayan
3.7%
Quiz Playlist
Details
Report
Send in Message
Add To Playlist
Classic:
Type in answers that appear in a list
Quiz Source
Last Updated: Feb 19, 2019
Quiz Scoreboard
CHALLENGE
Sign Up to Join the Scoreboard
Show All
Scores
Hide
Comments
May contain spoilers
Recently Published
Billboard Blitz: Fleetwood Mac
by CooCooCachoo
Music
15s
Presidents Visiting Landmarks
by Hejman
History
7m
An Introduction to Baseball
by treessimontrees
Sports
5m
More to Explore
Quiz From the Vault
Featured Blog Post
Where Did the Easter Bunny Come From?
hide this ad
You Might Also Like...
Tags
Nation Quiz
France
goal
Goal Scorers
Player
Today's Top Quizzes in Sports
Browse Sports
hide this ad
Today's Top Quizzes in Nation
Browse Nation
Top Contributed Quizzes in Sports
1
Les meilleurs buteurs des matchs entre le PSG et l’OM
2
2022 World Cup Stars
3
FIFA Club World Cup Champions
4
Les entraîneurs de l'OM et du PSG au 21e siècle
5
Name the Premier League winners with different clubs
6
5-to-1: UK Sports Teams
7
La finale Lions - Afrique du Sud 2021
8
Criteria MLB: Left Handed Sluggers
9
AFC Teams Reveal (Wrong Answers Minefield)
10
England Test cricketers to play under Nasser Hussain
Explore More
Trending Topics
Marvel
Disney
Harry Potter
Crossword
Kpop
NBA
Anime
The Office
Puzzle
Country
Pokémon
WWE
Soccer
Song
NFL
hide this ad
More By:
KevinMillar3
Quiz
Plays
Rating
Category
Featured
Created
Manchester United Players 2000-2009
23,665
4.22
Sports
Oct 21, 2009
Liverpool Players 2000-2009
23,476
4.26
Sports
Oct 22, 2009
Arsenal Players 2000-2009
14,813
4.22
Sports
Nov 27, 2009
Chelsea Players 2000-2009
10,625
4.50
Sports
Nov 7, 2009
Newcastle United Players 2000-2009
9,208
4.56
Sports
Dec 2, 2009
Go to Creator's Profile
Score Distribution
Quiz Creator Spotlight
KevinMillar3
Follow
Send a Message
Quizzes Created
-
Created Quiz Play Count
-
More By This Creator
Popular Quizzes Today
1
Find the US States - No Outlines Minefield
2
Find the Countries of Europe - No Outlines Minefield
3
The Countries of the World
4
Find the US States
5
Popular People in 1961
6
US States
7
Risky Map Clicking: Biggest States A-Z
8
Movies - When Are They Set?
More Sports Quizzes
Premier League Most Valuable XI
Quiz Lab
Trending Quizzes
Risky Map Clicking: Least Populous States A-Z
1-10 Letter G Words
1-10 Letter F Words
Risky Map Clicking: Next State Alphabetically
Risky Map Clicking: Biggest States A-Z
Recently Updated
Leaping Animals
pecheneg
Reality TV Shows (A-Z)
bhenderson79
Rickey Henderson's Hall of Fame Teammates
pecheneg
Champions League XIs: Arsenal
pecheneg
Quick Pick: Celebrities in WWE's Hall of Fame
aduchscher
A-Z Keypad Blitz II
pecheneg
Multiple Oscar Actors
pecheneg
Mystery Phrase Blitz: Oscar 'Best Actors'
pecheneg
F. Scott Fitzgerald Novels
LTH
Pick 3 Villains
ddd62291
Trending Topics
Harry Potter
Anime
Marvel
Disney
Kpop
Crossword
NBA
Soccer
Pokémon
WWE
Country
NFL
Puzzle
The Office
Song
Your Account Isn't Verified!
In order to create a playlist on Sporcle, you need to verify the email address you used during registration. Go to your
Sporcle Settings
to finish the process.
Report this User
Report this user for behavior that violates our
Community Guidelines
.
Details:
Send Report
Go to the Sporcle.com Mobile Site →
Comments